Relación de los trabajos realizados por la Comisión del Comité de Barcelona en Madrid en el mes de febrero de 1910 en defensa de los intereses agrícolas de las posesiones españolas del Golfo de Guinea en el África Occidental. (Record no. 181273)

MARC details
000 -LEADER
campo de control de longitud fija 00961nam a2200193 i 4500
001 - NÚMERO DE CONTROL
campo de control 181273
003 - IDENTIFICADOR DE NÚMERO DE CONTROL
campo de control ES-MaACL
005 - FECHA Y HORA DE LA ÚLTIMA TRANSACCIÓN
campo de control 20260201162857.0
008 - DATOS DE LONGITUD FIJA--INFORMACIÓN GENERAL
campo de control de longitud fija 121129s1910 sp |||| | spa d
245 00 - MENCIÓN DEL TÍTULO
Título Relación de los trabajos realizados por la Comisión del Comité de Barcelona en Madrid en el mes de febrero de 1910 en defensa de los intereses agrícolas de las posesiones españolas del Golfo de Guinea en el África Occidental.
260 1# - PUBLICACIÓN, DISTRIBUCIÓN, ETC.
Lugar de publicación, distribución, etc. [S.l. :
Nombre del editor, distribuidor, etc. s.n.],
Fecha de publicación, distribución, etc. 1910 (
Lugar de fabricación/manufactura Madrid :
Fabricante Imp. Ducazcal)
300 ## - DESCRIPCIÓN FÍSICA
Extensión 69 p. ;
Dimensiones 22 cm.
490 1# - MENCIÓN DE SERIE
Mención de serie Publicaciones del Comité de la Cámara Agrícola Oficial de Fernando Póo en Barcelona
650 #4 - PUNTO DE ACCESO ADICIONAL DE MATERIA--TÉRMINO DE MATERIA
Término de materia o nombre geográfico como elemento de entrada Agricultura-
Subdivisión geográfica Guinea Ecuatorial.
9 (RLIN) 141613
710 2# - ENTRADA AGREGADA--NOMBRE DE ENTIDAD CORPORATIVA
Nombre de entidad corporativa o nombre de jurisdicción como elemento de entrada Cámara Oficial Agrícola de Comercio e Industria de Fernando Poo
9 (RLIN) 2371
830 0# - PUNTO DE ACCESO ADICIONAL DE SERIE-TÍTULO UNIFORME
Título uniforme Publicaciones del Comité de la Cámara Agrícola Oficial de Fernando Póo en Barcelona
9 (RLIN) 224712
852 ## - LOCALIZACIÓN
Ubicación ES-MaACL
Número de control de estantería T-1377-F-6
Holdings
Estatus retirado Estado de pérdida Estado de daño No para préstamo Colección Biblioteca de origen Biblioteca actual Ubicación en estantería Fecha de adquisición Fuente de adquisición Total de préstamos Signatura topográfica completa Código de barras Visto por última vez Precio de reemplazo Tipo de ítem Koha
        Colección de folletos Biblioteca del Ateneo de Madrid Biblioteca del Ateneo de Madrid Depósito folletos 29/11/2012     T-1377-F-6 1190495 23/02/2023 23/02/2023 Folleto